Влияние фирменного стиля организации на её деятельность; Т. 2

Bibliographic Details
Parent link:Т. 2.— 2009.— С. 63-64
Main Author: Королёва М. Е.
Language:Russian
Published: 2009
Subjects:
Format: MixedMaterials Book Chapter
KOHA link:https://koha.lib.tpu.ru/cgi-bin/koha/opac-detail.pl?biblionumber=176127

MARC

LEADER 00000naa2a2200000 4500
001 176127
005 20231031165227.0
035 |a (RuTPU)RU\TPU\book\190951 
090 |a 176127 
100 |a 20100224d2009 k y0rusy50 ca 
101 0 |a rus 
102 |a RU 
200 1 |a Влияние фирменного стиля организации на её деятельность  |f М. Е. Королёва 
463 0 |0 (RuTPU)RU\TPU\book\186921  |t Т. 2  |v С. 63-64  |d 2009  |p 192 с. 
610 1 |a организации 
610 1 |a фирмы 
610 1 |a логотипы 
610 1 |a фирменные знаки 
610 1 |a фирменный стиль 
610 1 |a Ингосстрах 
610 1 |a труды учёных ТПУ 
700 1 |a Королёва  |b М. Е. 
801 1 |a RU  |b 63413507  |c 20100224 
942 |c BK